Research methods : (رقم التسجيلة. 31666)
[ عرض عادي ]
| 000 -الفاتح | |
|---|---|
| حقل البيانات ثابتة الطول | 01542cam a2200349 a 4500 |
| 001 - رقم الضبط | |
| رقم الضبط | 16262141 |
| 003 - محدد رقم الضبط | |
| رقم الضبط | OSt |
| 005 - وقت وتاريخ اخر تعامل مع التسجيلة | |
| رقم الضبط | 20150408114147.0 |
| 008 - عناصر البيانات ثابتة الطول - معلومات عامة | |
| حقل البيانات ثابتة الطول | 100601s2011 enka b 001 0 eng |
| 010 ## - رقم ضبط مكتبة الكونجرس | |
| رقم ضبط مكتبة الكونجرس | 2010022880 |
| 020 ## - الرقم الدولى المعيارى للكتب | |
| الرقم الدولى المعيارى للكتاب | 9780415489911 (hbk.) |
| 020 ## - الرقم الدولى المعيارى للكتب | |
| الرقم الدولى المعيارى للكتاب | 0415489911 (hbk.) |
| 020 ## - الرقم الدولى المعيارى للكتب | |
| الرقم الدولى المعيارى للكتاب | 9780415489942 (pbk.) |
| 020 ## - الرقم الدولى المعيارى للكتب | |
| الرقم الدولى المعيارى للكتاب | 0415489946 (pbk.) |
| 035 ## - رقم ضبط النظام | |
| رقم ضبط النظام | (OCoLC)ocn491893968 |
| 040 ## - مصدر الفهرسة | |
| وكالة الفهرسة الأصلية | DLC |
| وكالة النسخ | DLC |
| وكالة التعديل | YDX |
| -- | BTCTA |
| -- | YDXCP |
| -- | SINIE |
| -- | CDX |
| -- | LML |
| -- | DLC |
| 050 00 - رقم طلب مكتبة الكونجرس | |
| رقم التصنيف | H62 |
| رقم المادة | .W254 2011 |
| 082 00 - رقم تصنيف ديوى العشرى | |
| رقم التصنيف | 001.4 |
| رقم الطبعة | 22 |
| رقم المادة | WNR |
| 100 1# - المدخل الرئيسى - إسم شخصى | |
| الإسم الشخصى | Walliman, Nicholas. |
| 9 (RLIN) | 38835 |
| 245 10 - بيان العنوان | |
| العنوان | Research methods : |
| بقية العنوان | the basics / |
| بيان المسئوليه,etc | Nicholas Walliman. |
| 260 ## - PUBLICATION, DISTRIBUTION, ETC. (IMPRINT) | |
| مكان الناشر او الموزع | London ; |
| -- | New York : |
| اسم الناشر او الموزع | Routledge, |
| تاريخ النشر أو التوزيع | 2011. |
| 300 ## - الوصف المادى | |
| التعداد | xii, 190 p. : |
| تفاصيل ماديه اخرى للوعاء | ill. ; |
| أبعاد الوعاء | 21 cm. |
| 490 1# - بيان السلسلة | |
| عنوان السلسلة | The basics |
| 504 ## - تبصرة ببليوجرافية | |
| تبصرة ببليوجرافية,الخ | Includes bibliographical references (p. [179]-182) and index. |
| 505 0# - تبصرة محتويات-الفهرس | |
| تبصرة المحتويات المصاغة | Research basics -- Research theory -- Structuring the research project -- Research ethics -- Finding and reviewing the literature -- The nature of data -- Collecting and analysing secondary data -- Collecting primary data -- Quantitative data analysis -- Qualitative data analysis -- Writing the proposal and writing up the research. |
| 650 #0 - المدخل الاضافى بالموضوع-مصطلح موضوعى | |
| مصطلح موضوعي أو اسم جغرافي كعنصر مدخل | Social sciences |
| التقسيم الفرعي العام | Research |
| -- | Methodology. |
| 9 (RLIN) | 19158 |
| 650 #0 - المدخل الاضافى بالموضوع-مصطلح موضوعى | |
| مصطلح موضوعي أو اسم جغرافي كعنصر مدخل | Humanities |
| التقسيم الفرعي العام | Research |
| -- | Methodology. |
| 9 (RLIN) | 38836 |
| 830 #0 - المدخل الاضافى بالسلسلة -عنوان موحد | |
| عنوان موحد | Basics (Routledge (Firm)) |
| 9 (RLIN) | 38837 |
| 906 ## - عنصر بيانات محلى F, LDF (RLIN) | |
| a | 7 |
| b | cbc |
| c | orignew |
| d | 1 |
| e | ecip |
| f | 20 |
| g | y-gencatlg |
| 942 ## - عناصر المدخل الإضافي( كوها) | |
| مصدر التصنيف او مخطط الترفيف | Dewey Decimal Classification |
| Koha [default] item type | كتاب |
| حالة الفقد | نموذج السعر الفعال | حالة تلف | ليس للاعارة | رقم الطلب | تاريخ الاكتساب | الموقع الحالي | الباركود | الفرع الرئيسي | Date last seen | نوع المادة فى نظام كوها | مصدر التصنيف او خطة الترفيف | Total Checkouts | Date last checked out |
|---|---|---|---|---|---|---|---|---|---|---|---|---|---|
| 2013-11-01 | 001.4 WNR | 2013-11-01 | المكتبة المركزية بالمجمعة (CL) | 00403407 | المكتبة المركزية بالمجمعة (CL) | 2013-11-01 | كتاب | Dewey Decimal Classification | |||||
| 2013-11-01 | 001.4 WNR | 2013-11-01 | المكتبة المركزية بالمجمعة (CL) | 00403408 | المكتبة المركزية بالمجمعة (CL) | 2013-11-01 | كتاب | Dewey Decimal Classification | |||||
| 2013-11-01 | 001.4 WNR | 2013-11-01 | المكتبة المركزية بالمجمعة (CL) | 00403409 | المكتبة المركزية بالمجمعة (CL) | 2014-03-11 | كتاب | Dewey Decimal Classification | 1 | 2013-12-16 | |||
| 2013-11-01 | 001.4 WNR | 2013-11-01 | مكتبة مجمع الكليات بالزلفى - طلاب (SZM) | 00403410 | مكتبة مجمع الكليات بالزلفى - طلاب (SZM) | 2013-11-01 | كتاب | Dewey Decimal Classification | |||||
| 2013-11-01 | 001.4 WNR | 2013-11-01 | مكتبة مجمع الكليات بالزلفى - طلاب (SZM) | 00403411 | مكتبة مجمع الكليات بالزلفى - طلاب (SZM) | 2013-11-01 | كتاب | Dewey Decimal Classification |
